Highest Countries by Continent Quiz Stats

 Plays Quiz Updated Oct 15, 2018

Score 0/30 Timer 05:00
7 Plays Today
Continent Country % Correct
North AmericaUnited States (20,335 feet)
97.9%
North AmericaCanada (19,551 feet)
97.4%
North AmericaMexico (18,708 feet)
96.2%
AsiaChina (29,035 feet)
95.9%
South AmericaChile (22,572 feet)
92.6%
South AmericaArgentina (22,835 feet)
91.5%
OceaniaAustralia (7,310 feet)
90.1%
EuropeSwitzerland (15,203 feet)
89.7%
AsiaNepal (29,035 feet)
89.4%
EuropeFrance (15,771 feet)
89.3%
AsiaIndia (28,209 feet)
88.6%
South AmericaPeru (22,205 feet)
88.6%
OceaniaNew Zealand (12,316 feet)
87.1%
EuropeRussia (18,481 feet)
86.9%
EuropeItaly (15,577 feet)
85.9%
Continent Country % Correct
AfricaKenya (17,057 feet)
79.9%
EuropeAustria (12,461 feet)
76.8%
South AmericaBolivia (21,463 feet)
76.4%
AsiaPakistan (28,251 feet)
74.1%
South AmericaEcuador (20,561 feet)
73%
AfricaTanzania (19,341 feet)
67.8%
North AmericaGuatemala (13,816 feet)
62.8%
North AmericaCosta Rica (12,500 feet)
60.3%
OceaniaPapua New Guinea (14,793 feet)
56.7%
AsiaBhutan (24,780 feet)
55.5%
AfricaEthiopia (14,872 feet)
54.2%
AfricaUganda (16,765 feet)
52.4%
AfricaDemocratic Republic of the Congo (16,765 ft.)
51.1%
OceaniaSolomon Islands (8,028 feet)
36.8%
OceaniaVanuatu (6,158 feet)
35.6%

You're not logged in!

Compare scores with friends on all Sporcle quizzes.
OR
Log In

Sporcle TV

Today on Sporcle TV


Watch our educational content, quiz creation guides, and fun videos on Sporcle TV.

Show Comments

Extras

Top Quizzes Today


Score Distribution

Your Account Isn't Verified!

In order to create a playlist on Sporcle, you need to verify the email address you used during registration. Go to your Sporcle Settings to finish the process.

Report this User

Report this user for behavior that violates our Community Guidelines.

Details: